000
00349nam a2200157Ia 4500
003
OSt
005
20240305105415.0
008
170523s9999 xx 000 0 und d
020
_a
8120414705.
040
_c
IIMTU
100
_a
BANERJEE- SHYAMAL
245
0
_a
BUSINESS DICTIONARY
260
_b
OXFORD PUBLICATION
260
_c
2001
942
_2
ddc
_c
02
999
_c
937
_d
937